000 00316nam a2200133Ia 4500
008 151001s9999||||xx |||||||||||||| ||und||
100 _aबलराम नांगरे
245 _aफुलवंती
250 _a1
260 _bग.रा.पाठक
260 _c1967
300 _a97
365 _b7
999 _c954567
_d954564